书目信息 |
| 题名: |
小学生核心素养研究
|
|
| 作者: | 张桂杰 著 | |
| 分册: | ||
| 出版信息: | 秦皇岛 燕山大学出版社 2020.12 |
|
| 页数: | 212页 | |
| 开本: | 24cm | |
| 丛书名: | 名师名校名校长书系 | |
| 单 册: | ||
| 中图分类: | G620 | |
| 科图分类: | ||
| 主题词: | 小学生--素质教育--研究 | |
| 电子资源: | ||
| ISBN: | 978-7-5761-0132-4 | |
| 000 | 00914nam0 2200265 45 | |
| 001 | 012001002782 | |
| 005 | 20140823165902.0 | |
| 010 | @a978-7-5761-0132-4@dCNY45.00 | |
| 100 | @a20210514d2020 em y0chiy0110 ea | |
| 101 | 0 | @achi |
| 102 | @aCN@b130000 | |
| 105 | @aak z 000yy | |
| 106 | @ar | |
| 200 | 1 | @a小学生核心素养研究@Axiao xue sheng he xin su yang yan jiu@f张桂杰著 |
| 210 | @a秦皇岛@c燕山大学出版社@d2020.12 | |
| 215 | @a212页@c图@d24cm | |
| 225 | 2 | @a名师名校名校长书系 |
| 330 | @a本书分七章,内容包括:调研背景;调研的设计和过程;山东省小学核心素养发展现状分析;山东省小学教师核心素养教学表现分析;道德与法治学科核心素养学生表现等。 | |
| 410 | 0 | @12001 @a名师名校名校长书系 |
| 461 | 0 | @12001 @a名师名校名校长书系 |
| 606 | 0 | @a小学生@x素质教育@x研究 |
| 690 | @aG620@v5 | |
| 701 | 0 | @a张桂杰@Azhang gui jie@f(1969-)@4著 |
| 801 | @aCN@bAHXH@c20210922 | |
| 905 | @b1284323-7@dG620@e2080@f5 | |
| 小学生核心素养研究/张桂杰著.-秦皇岛:燕山大学出版社,2020.12 |
| 212页:图;24cm.-(名师名校名校长书系) |
| ISBN 978-7-5761-0132-4:CNY45.00 |
| 本书分七章,内容包括:调研背景;调研的设计和过程;山东省小学核心素养发展现状分析;山东省小学教师核心素养教学表现分析;道德与法治学科核心素养学生表现等。 |
| ● |
| 相关链接 |
|
|
|
|
正题名:小学生核心素养研究
索取号:G620/2080
 
预约/预借
| 序号 | 登录号 | 条形码 | 馆藏地/架位号 | 状态 | 备注 |
| 1 | 1284323 | 212843235 | 第一样本阅览室/ [索取号:G620/2080] | 在馆 | |
| 2 | 1284324 | 212843244 | 教育系资料室/ [索取号:G620/2080] | 在馆 | |
| 3 | 1284325 | 212843253 | 教育系资料室/ [索取号:G620/2080] | 在馆 | |
| 4 | 1284326 | 212843262 | 第四借阅区/ [索取号:G620/2080] | 在馆 | |
| 5 | 1284327 | 212843271 | 第四借阅区/ [索取号:G620/2080] | 在馆 |